Normal view
MARC view
- Baker, Louis
Entry Personal Name
001 - CONTROL NUMBER
- control field: 59515
003 - CONTROL NUMBER IDENTIFIER
- control field: NUST
005 - DATE AND TIME OF LATEST TRANSACTION
- control field: 20210628202343.0
008 - FIXED-LENGTH DATA ELEMENTS
- fixed length control field: 210628|| aca||aabn | a|a d
040 ## - CATALOGING SOURCE
- Original cataloging agency: NUST
- Transcribing agency: NUST
100 ## - HEADING--PERSONAL NAME
- Personal name: Baker, Louis
670 ## - SOURCE DATA FOUND
- Source citation: Work cat.: (NUST): Baker, Louis, C mathematical functions handbook, 1991
